00461nam a2200169 a 450000100060000000300090000600800410001502000150005604000280007108200170009910000160011624500340013226000490016630000100021549000380022565000280026319543CO-ViMGA141112s2004 ck r 000 u spa d a8440698070 aCO-ViMGAbspacCO-ViMGA04a616.65 K474t1 aKirk, David10aLos trastornos de la prostata aBarcelona : bEdiciones B, cGrupo Z, c1999 a96 p. aGuías medicas Salud y Bienestar14aPROSTATA - ENFERMEDADES